000 00891nam a2200289Ia 4500
003 GCL
008 140319s9999 xx 000 0 ara d
040 _aGCL /
_cGCL
082 0 4 _a157.6
_bس س
100 1 _aسعد المغربى
245 1 0 _aسيكولوجية تعاطى الافيون ومشتقاتة /
_cسعد المغربى
260 _a[S.N] :
_bالهيئة المصرية العامة للكتاب ،
_c1986
300 _a350 ص
490 _a
650 0 4 _aالمانيا
650 0 4 _aادمان المخدرات
650 0 4 _aالمخدرات والشباب
650 0 4 _aعلم النفس
650 0 4 _aالمخدرات
650 0 4 _aالطب النفسى
650 0 4 _aعلم النفس العلاجى
650 0 4 _aالحشيش
650 0 4 _aالافيون
650 0 4 _aالامان
650 0 4 _aالعيادات النفسية
942 _2ddc
_cBK
999 _c29767
_d29767